<?xml version="1.0" encoding="UTF-8"?>
<record
    xmlns:xsi="http://www.w3.org/2001/XMLSchema-instance"
    xsi:schemaLocation="http://www.loc.gov/MARC21/slim http://www.loc.gov/standards/marcxml/schema/MARC21slim.xsd"
    xmlns="http://www.loc.gov/MARC21/slim">

  <leader>00844nam a22002417a 4500</leader>
  <controlfield tag="003">BPGM</controlfield>
  <controlfield tag="008">260627s1989    mx d|||| s||| 001 | spa d</controlfield>
  <datafield tag="020" ind1=" " ind2=" ">
    <subfield code="a">ISBN 968-845-092-8</subfield>
  </datafield>
  <datafield tag="040" ind1=" " ind2=" ">
    <subfield code="b">spa</subfield>
  </datafield>
  <datafield tag="041" ind1=" " ind2=" ">
    <subfield code="a">SPA</subfield>
    <subfield code="a">SPA</subfield>
    <subfield code="h">SPA</subfield>
  </datafield>
  <datafield tag="082" ind1="0" ind2="4">
    <subfield code="a">CQ / 972.45</subfield>
    <subfield code="b">G37</subfield>
  </datafield>
  <datafield tag="100" ind1=" " ind2=" ">
    <subfield code="a">MARTA EUGENIA GARC&#xCC;A UGARTE</subfield>
    <subfield code="c">MARTA EUGENIA GARC&#xCC;A UGARTE</subfield>
  </datafield>
  <datafield tag="242" ind1=" " ind2=" ">
    <subfield code="a">LOS PEQUE&#xD1;OS N&#xD2;MADAS DE LA CIUDAD</subfield>
  </datafield>
  <datafield tag="245" ind1=" " ind2=" ">
    <subfield code="a">LOS PEQUE&#xD1;OS N&#xD2;MADAS DE LA CIUDAD</subfield>
  </datafield>
  <datafield tag="260" ind1=" " ind2=" ">
    <subfield code="a">M&#xC8;XICO</subfield>
    <subfield code="b">Universidad Aut&#xF3;noma de Quer&#xE9;taro</subfield>
    <subfield code="c">1989</subfield>
  </datafield>
  <datafield tag="300" ind1=" " ind2=" ">
    <subfield code="a">307</subfield>
    <subfield code="c">21 CM X 13.8 CM</subfield>
  </datafield>
  <datafield tag="336" ind1=" " ind2=" ">
    <subfield code="2">rdacontent</subfield>
    <subfield code="a">texto</subfield>
    <subfield code="b">txt</subfield>
  </datafield>
  <datafield tag="337" ind1=" " ind2=" ">
    <subfield code="2">rdamedia</subfield>
    <subfield code="a">sin mediaci&#xF3;n</subfield>
    <subfield code="b">n</subfield>
  </datafield>
  <datafield tag="338" ind1=" " ind2=" ">
    <subfield code="2">rdacarrier</subfield>
    <subfield code="a">volumen </subfield>
    <subfield code="b">nc</subfield>
  </datafield>
  <datafield tag="650" ind1=" " ind2=" ">
    <subfield code="a">HISTORIA Y GEOGRAFIA</subfield>
    <subfield code="v">HISTORIA GENERAL DE AMERICA DEL NORTE</subfield>
    <subfield code="x">HISTORIA DE MESOAMERICA (AMERICA MEDIA)MEXICO</subfield>
  </datafield>
  <datafield tag="700" ind1=" " ind2=" ">
    <subfield code="a">MARTA EUGENIA GARC&#xCC;A UGARTE</subfield>
  </datafield>
  <datafield tag="942" ind1=" " ind2=" ">
    <subfield code="2">ddc</subfield>
    <subfield code="c">COLQ</subfield>
  </datafield>
  <datafield tag="952" ind1=" " ind2=" ">
    <subfield code="0">0</subfield>
    <subfield code="1">0</subfield>
    <subfield code="2">ddc</subfield>
    <subfield code="4">0</subfield>
    <subfield code="7">3</subfield>
    <subfield code="8">GENERAL</subfield>
    <subfield code="a">BPCEFC</subfield>
    <subfield code="b">BPCEFC</subfield>
    <subfield code="d">2026-06-27</subfield>
    <subfield code="e">DONACI&#xD2;N</subfield>
    <subfield code="l">0</subfield>
    <subfield code="o">CQ / 972.45 G37</subfield>
    <subfield code="r">2026-06-27 19:13:18</subfield>
    <subfield code="w">2026-06-27</subfield>
    <subfield code="y">COLQ</subfield>
  </datafield>
  <datafield tag="952" ind1=" " ind2=" ">
    <subfield code="0">0</subfield>
    <subfield code="1">0</subfield>
    <subfield code="2">ddc</subfield>
    <subfield code="4">0</subfield>
    <subfield code="7">0</subfield>
    <subfield code="a">BPCEFC</subfield>
    <subfield code="b">BPCEFC</subfield>
    <subfield code="d">2026-06-27</subfield>
    <subfield code="l">0</subfield>
    <subfield code="o">CQ / 972.45 G37</subfield>
    <subfield code="r">2026-06-27 19:15:39</subfield>
    <subfield code="t">EJ.1</subfield>
    <subfield code="w">2026-06-27</subfield>
    <subfield code="y">COLQ</subfield>
  </datafield>
  <datafield tag="999" ind1=" " ind2=" ">
    <subfield code="c">68692</subfield>
    <subfield code="d">68692</subfield>
  </datafield>
</record>
